000 00303nam a2200133Ia 4500
008 231129s1977||||xx |||||||||||||| ||spa||
040 _bspa
082 _aI823 W453d
100 _aWells Herbert Georg.
245 0 _aDoce historias y un sueno
260 _c1977
264 _aAguilar
942 _2ddc
_cBKS
999 _c9711
_d9711